| 000 | 00635nam a22002177a 4500 | ||
|---|---|---|---|
| 003 | OSt | ||
| 005 | 20150408180340.0 | ||
| 008 | 150408b xxu||||| |||| 00| 0 eng d | ||
| 020 | _a0702027197 | ||
| 040 | _cDNLM | ||
| 082 | _aWO 100 C611m 2005 | ||
| 245 |
_aClinical Surgery / _cEdited by Michael M. Henry, Jeremy N. Thompson |
||
| 250 | _a2nd ed. | ||
| 260 |
_aLondon: _bElsevier Saunders; _c2005. |
||
| 300 |
_axviii, 806p : _bcol.ill; _c27 cm. |
||
| 504 | _aIncludes references and index. | ||
| 650 |
_aSurgery _9323 |
||
| 700 |
_4Editor _aHenry Michael M _93590 |
||
| 700 |
_4Editor _aThompson Jeremy N. _93591 |
||
| 942 |
_2z _cSLOAN |
||
| 999 |
_c1354 _d1354 |
||